[Event "ACL-A106"]
[Site "www.playchess.de"]
[Date "2001.03.02"]
[Round "13"]
[White "SuperNova"]
[Black "Karl"]
[WhiteElo "1500"]
[BlackElo "1500"]
[PlyCount "23"]
[Result "1-0"]

1.c4 {hello. good luck.}  Nc6 2.d4 e6 3.d5 exd5 
4.cxd5 Nce7 5.Nc3 Nf6 6.e4 c6 7.d6 Ng6 8.e5 Nd5 
9.Nxd5 cxd5 10.Qxd5 Rb8 11.Bc4 b5 
12.Qxf7+ 1-0

[Event "HCL-B206"]
[Site "www.playchess.de"]
[Date "2001.03.02"]
[Round "3"]
[White "Translightor"]
[Black "DrJon"]
[WhiteElo "1480"]
[BlackElo "1300"]
[PlyCount "61"]
[Result "1-0"]

1.e4 {Hi, Jon. Welcome at playchess and good 
luck!}  c6 {Have a good game, handshake}  2.d4 d5 
3.Nc3 dxe4 4.Nxe4 Bf5 5.Ng3 Bg6 6.h4 h6 7.Nf3 Nd7 
8.h5 Bh7 9.Bd3 Bxd3 10.Qxd3 Ngf6 11.Bf4 e6 
12.O-O-O Nd5 13.Bd2 Qc7 14.Rhe1 O-O-O 15.Ne5 Nxe5 
16.dxe5 Bb4 17.Bxb4 Nxb4 18.Qb3 Nd5 19.c4 Nf4 
20.Qf3 Rxd1+ 21.Kxd1 Nd3 22.Re2 {Fine move!}  Rd8 
{thank you}  23.Rd2 Nxb2+ 24.Kc2 Rxd2+ 25.Kxd2 
Nxc4+ 26.Kc2 Nxe5 {thank you}  27.Qa3 b6 {Fine 
move!}  28.Qf8+ {Thanks. Desperately trying not to 
lose.}  Qd8 {Fine move, understand, often my 
position, grin}  29.Qxg7 Qd3+ 30.Kc1 Qf1+ 31.Nxf1 
{Sorry, but that move was not so fine.} 
 1-0

[Event "HCL-C201"]
[Site "www.playchess.de"]
[Date "2001.03.02"]
[Round "28"]
[White "McLeod"]
[Black "Toady"]
[WhiteElo "1000"]
[BlackElo "1000"]
[PlyCount "39"]
[Result "1-0"]

1.e4 e5 2.f4 d6 3.Nf3 Nc6 4.Bc4 Nf6 5.d3 d5 6.exd5 
Nxd5 7.fxe5 b6 8.O-O Bc5+ 9.d4 Be7 10.Bb5 Bd7 
11.c4 Ndb4 12.a3 a6 13.Ba4 b5 14.Bb3 bxc4 15.Bxc4 
O-O 16.axb4 Bxb4 17.Ng5 Be7 18.Nxf7 Qb8 19.Qh5 g6 
20.Ng5+ 1-0

[Event "ACL-E007"]
[Site "www.playchess.de"]
[Date "2001.03.02"]
[Round "5"]
[White "iq160"]
[Black "peze"]
[WhiteElo "1654"]
[BlackElo "1889"]
[PlyCount "39"]
[Result "1/2-1/2"]

1.e3 g6 2.f4 Bg7 3.Nf3 d5 4.d4 Nh6 5.b4 Bg4 6.h3 
Be6 7.Kf2 O-O 8.c3 Nf5 9.Ba3 Nd6 10.Nbd2 Bf5 11.b5 
a6 12.Bxd6 Qxd6 13.g4 Be6 14.a4 Rc8 15.Kg3 c5 
16.e4 Qd8 17.Rc1 {darf man fragen welches 
Schachprogramm hier so auftrumpft? Ich besitze 
leider keines}  dxe4 {s. mail}  18.Nxe4 cxd4 
19.cxd4 Rxc1 20.Qxc1 1/2-1/2

[Event "HCL-C209"]
[Site "www.playchess.de"]
[Date "2001.03.02"]
[Round "26"]
[White "fossa"]
[Black "lsoule"]
[WhiteElo "1000"]
[BlackElo "971"]
[PlyCount "56"]
[Result "0-1"]

1.e4 c5 2.d3 Nf6 3.Be3 e5 4.c4 d6 5.Nc3 Nc6 6.Nf3 
Bg4 7.Be2 Nd4 8.Qa4+ Bd7 9.Nb5 Nxe2 10.Kxe2 a6 
11.Nxd6+ Bxd6 12.Qb3 O-O 13.Rag1 b5 14.h3 bxc4 
15.dxc4 Nxe4 16.Qc2 Bf5 17.Qc1 Be7 18.g4 Bd7 19.h4 
Bd6 20.Ng5 Nxg5 21.hxg5 g6 22.Rxh7 Kxh7 23.Qf1 Be6 
24.b3 Qa5 25.Qh3+ Kg7 26.Rh1 Rfh8 27.Qg2 Bxg4+ 
28.f3 Qxa2+ 0-1

[Event "HCL-E026"]
[Site "www.playchess.de"]
[Date "2001.03.02"]
[Round "2"]
[White "peze2"]
[Black "paule"]
[WhiteElo "2354"]
[BlackElo "1994"]
[PlyCount "61"]
[Result "1-0"]

1.e4 e6 2.d4 d5 3.Nd2 {Exactly the same as 
HCL-A081-1 ? ;-)}  Nc6 {Novelty!!:)}  4.Ngf3 
{ECO-Code C03"P"  French-Tarrasch/Paule registered 
!! :-))}  Nf6 {AntiTarrasch!:)}  5.e5 {Now 
ECO-Code C04"P" French-Paules AntiTarrasch 
registered !! ;-)}  Nd7 {Remained slightly: the 
theory and practice...}  6.Nb3 a5 7.a4 Be7 8.Bb5 
Na7 {Alternative 8.... Nb8. But I am afraid 9.h4 
and 10. Bg5.}  9.Bd3 {8.... Ncb8  9.h4 b6  10.Bg5 
=}  b6 10.O-O O-O 11.c3 c5 12.Bc2 Ba6 13.Re1 Nc6 
14.Bb1 Qc7 15.Ng5 g6 {15 moves & ALL chess men 
still play.My position for some reason is not 
pleasant me.Bad presentiments}  16.Nxh7 {The music 
is playing now of the king side.}  Rfc8 
{Beautifully!! IntiTarrasch has not sustained 
tests. I shall resist a little more, ok?}  17.Nf6+ 
{Yes! I'm not longer sure that Nxh7 was correct.}  
Bxf6 {The initiative completely in your hands. The 
difficult protection is necessary me.}  18.exf6 
{Thrilling! :-)}  c4 {:)}  19.Nd2 {18. ... Bc4!?}  
Nxf6 {Interesting opportunity. I have not noticed 
because of 19.dxc5 bxc5 20. Nd2. Has decided, that 
+ -}  20.Nf3 Kg7 21.Bg5 {Alternative: 21. Ne5  
Nxe5  22. Bf4  Nfd7  23. Rxe5 !?}  Rch8 {21. Ne5 
Nxe5 22. Bf4 Nfd7 23. Rxe5!? Qc6 =, I think. 21. 
Bg5, probably, is better}  22.Qd2 Rh5 23.Bf4 Qe7 
24.Bc2 {Bc2 is a must.}  Rah8 {In all variants my 
position is hopeless...:(}  25.Ne5 {...not yet!}  
Bb7 {Thank you!:)}  26.Rab1 Qd8 27.b3 cxb3 {Open 
b-file! I afraid this...}  28.Rxb3 {:-)}  Nb8 {I 
at the night analyzed. Has found 2 mistakes: 15... 
g6?! (15... Bxg5) and 18...c4? (18...cxd4).  ??}  
29.Qe3 {Mail will follow!}  Nbd7 {Thank you, I 
will wait with impatience!}  30.Nxf7 {Have you 
received my mail ?}  Kxf7 {mail.ru is 
freemail-temporary down(( I will resign by next 
move. Congratulations! I wait next game!}  
31.Qxe6+ {Thank for the thrilling game. See you 
soon! :-)}  1-0

[Event "ACL-A115"]
[Site "www.playchess.de"]
[Date "2001.03.02"]
[Round "10"]
[White "Alyaspogi"]
[Black "lsoule"]
[WhiteElo "1500"]
[BlackElo "1500"]
[PlyCount "88"]
[Result "0-1"]

1.e4 c5 2.Nf3 d6 3.d4 cxd4 4.Nxd4 Nf6 5.Nc3 Nc6 
6.Bb5 {Hi where are you in usa? how are you?}  Bd7 
{I'm in Santa Cruz, CA - any you?}  7.Bg5 {I am in 
oklahoma}  Nxd4 8.Bxd7+ Qxd7 9.Qxd4 e5 10.Qd3 Be7 
11.O-O-O O-O 12.Bxf6 Bxf6 13.Qxd6 Qg4 14.g3 Qf3 
15.Rdf1 Rac8 16.Qd3 Qxd3 17.cxd3 Rfd8 18.Rfd1 Rd4 
19.Kb1 Be7 20.Nd5 Bd6 21.f4 exf4 22.gxf4 g6 
23.Rhf1 Rd8 24.Rf3 f5 25.Nc3 fxe4 26.Nxe4 Bb8 
27.b3 {Is their a lot of good player in HCL than 
ACL?}  Rxe4 {That depends on your level!  I'm in 
class C (the lowest) and there is a lot of 
variety.}  28.dxe4 {good moved. i missed it.}  
Rxd1+ {To get a feel for what HCL is like you can 
look at some the annotated games here.}  29.Kc2 {I 
am not really good, i don't even read a book, how 
about you?}  Rd8 {Most of my games have 'stunning 
sacrifices'... only not the good kind.}  30.h4 
{How mayne win and losses you have?}  Re8 {Looks 
like 8W, 11L.  I usually lose a piece between 
moves 10-15...}  31.Kd3 {Oh. well good game right 
here, i thought i could maintain it until the 
end.}  Rf8 {yes it is - I've been trying to read 
up on the Sicilian so it's interesting to see how 
things turn o}  32.f5 {Well i never read i hate 
reading, you know teenager. but if i will read 
book maybe i will improve?}  Be5 {I think so.  I 
don't know of any other way.}  33.Ke3 {Oh. but 
well maybe i'm not ganna stick on chess cause i 
hate reading. But i will still play for fun.}  Rc8 
34.fxg6 {ok.}  hxg6 35.Kd2 Rd8+ 36.Ke2 Rd4 37.Ke3 
Rd1 38.Rh3 Ra1 39.a4 Rd1 40.Ke2 Rd4 41.Ke3 Rb4 
42.Kd2 {good game isole, i'm ganna resign here in 
a few minutes if i 'm not ganna like what will i 
see}  Rxe4 {ok, thanks for the game if so.  Good 
luck in your other games.}  43.h5 {i'll couple of 
moves.}  g5 44.Re3 Bf4 0-1

[Event "HCL-A084"]
[Site "www.playchess.de"]
[Date "2001.03.02"]
[Round "6"]
[White "Wolf"]
[Black "Kool_Chess"]
[WhiteElo "1700"]
[BlackElo "1900"]
[PlyCount "28"]
[Result "0-1"]

1.e4 e5 2.Nf3 Nc6 3.Bb5 d6 4.O-O Bg4 5.d4 a6 6.Ba4 
b5 7.Bb3 Nxd4 8.c3 Nxf3+ 9.gxf3 Bh3 10.Qd5 Qf6 
11.Qxa8+ Ke7 12.Bf4 exf4 13.Nd2 Qg6+ 14.Kh1 
Qg2+ 0-1

[Event "ACL-A028"]
[Site "www.playchess.de"]
[Date "2001.03.02"]
[Round "1"]
[White "MicronHead"]
[Black "chessrookie"]
[WhiteElo "1591"]
[BlackElo "1300"]
[PlyCount "58"]
[Result "0-1"]

1.e4 e5 2.Nf3 Nf6 3.d4 Nxe4 4.Bd3 d5 5.Bxe4 dxe4 
6.Nxe5 Bf5 7.Bf4 f6 8.Nc4 Nc6 9.c3 Qd7 10.O-O 
O-O-O 11.Nbd2 g5 12.Bg3 h5 13.h4 Bg7 14.Re1 gxh4 
15.Bxh4 Rde8 16.Qb3 Bg6 17.Rad1 Kb8 18.Bg3 h4 
19.Bh2 h3 20.gxh3 Qxh3 21.Nf1 Bh5 22.Rd2 Bf3 
23.Nce3 Bh6 24.Qf7 Reg8+ 25.Qxg8+ Rxg8+ 26.Ng3 
Bxe3 27.fxe3 Rxg3+ 28.Bxg3 Qh1+ 29.Kf2 
Qg2+ 0-1

[Event "ACL-A028"]
[Site "www.playchess.de"]
[Date "2001.03.02"]
[Round "2"]
[White "Gruhni"]
[Black "MicronHead"]
[WhiteElo "1500"]
[BlackElo "1591"]
[PlyCount "77"]
[Result "1-0"]

1.e4 e5 2.Bc4 Nf6 3.Nf3 Nc6 4.Nc3 Bc5 5.d3 d6 
6.Bg5 Be6 7.Nd5 Bxd5 8.Bxd5 O-O 9.Qd2 a5 10.Bxf6 
Qxf6 11.Qg5 Qxg5 12.Nxg5 a4 13.O-O Ra7 14.a3 Nd4 
15.c3 Ne2+ 16.Kh1 c6 17.Ba2 b5 18.g3 h6 19.Nf3 
Bxa3 20.bxa3 Rd8 21.c4 Nc3 22.Rfc1 Nxa2 23.Rxa2 
Kf8 24.cxb5 cxb5 25.Rc6 Ke7 26.Rac2 Rb8 27.d4 f6 
28.d5 Kd7 29.Nh4 b4 30.axb4 Rxb4 31.Nf5 Rxe4 
32.Nxd6 Rd4 33.Nb5 Rd1+ 34.Kg2 Ra8 35.R6c7+ Ke8 
36.Rxg7 Kf8 37.Rcc7 Ra7 38.Rcxa7 Rg1+ 
39.Kxg1 1-0

[Event "ACL-A028"]
[Site "www.playchess.de"]
[Date "2001.03.02"]
[Round "3"]
[White "chessrookie"]
[Black "Gruhni"]
[WhiteElo "1300"]
[BlackElo "1500"]
[PlyCount "47"]
[Result "1-0"]

1.e4 e5 2.Nf3 Nc6 3.Nc3 Nf6 4.Bc4 h6 5.O-O Bc5 
6.d3 d6 7.Na4 Bb6 8.Nxb6 axb6 9.Bb5 O-O 10.Re1 Bg4 
11.c3 Na7 12.Bc4 b5 13.Bb3 c6 14.h3 Bh5 15.g4 Bg6 
16.g5 hxg5 17.Bxg5 Bh5 18.Kh2 Kh7 19.Rg1 Qd7 
20.Bxf6 gxf6 21.Ng5+ Kh6 22.Qd2 Rfh8 23.Nxf7+ Kh7 
24.Qh6+ 1-0

[Event "ACL-A028"]
[Site "www.playchess.de"]
[Date "2001.03.02"]
[Round "4"]
[White "MicronHead"]
[Black "Nunogomez"]
[WhiteElo "1591"]
[BlackElo "1374"]
[PlyCount "34"]
[Result "1-0"]

1.e4 e5 2.Nf3 Nc6 3.Nc3 Nf6 4.Bc4 Nxe4 5.Nxe4 d5 
6.Bb5 dxe4 7.Nxe5 Qd5 8.Bxc6+ bxc6 9.Ng4 f5 10.Ne3 
Qe6 11.d4 exd3 12.e.p Qxd3 13.f4 O-O 14.fxe3 Bxe3 
15.Bd6 Bd4 16.Bxh2+ Kxh2 17.Qh6+ 
Kg1 1-0

[Event "ACL-A028"]
[Site "www.playchess.de"]
[Date "2001.03.02"]
[Round "5"]
[White "Nunogomez"]
[Black "chessrookie"]
[WhiteElo "1374"]
[BlackElo "1300"]
[PlyCount "36"]
[Result "0-1"]

1.d4 d5 2.Nf3 Nf6 3.c4 dxc4 4.Qa4+ Bd7 5.Qxc4 Nc6 
6.Ng5 e6 7.Nc3 Nb4 8.Qb3 Bc6 9.a3 Nbd5 10.Nxd5 
Bxd5 11.Qd3 h6 12.Nf3 c6 13.e3 Bd6 14.Ne5 Bxe5 
15.dxe5 Ne4 16.f3 Qh4+ 17.Ke2 Qf2+ 18.Kd1 
Rd8 0-1

[Event "ACL-A028"]
[Site "www.playchess.de"]
[Date "2001.03.02"]
[Round "6"]
[White "Gruhni"]
[Black "Nunogomez"]
[WhiteElo "1500"]
[BlackElo "1374"]
[PlyCount "65"]
[Result "1-0"]

1.e4 c6 2.d4 d5 3.e5 Bf5 4.Bd3 Bxd3 5.Qxd3 e6 
6.Nf3 Qa5+ 7.Bd2 Qa6 8.Qxa6 Nxa6 9.a3 Nh6 10.h3 
Be7 11.Nc3 b5 12.O-O Nf5 13.Nd1 b4 14.axb4 Nxb4 
15.c3 Nd3 16.Ne1 Nxe1 17.Rxe1 O-O 18.Ne3 Nh4 
19.Kh2 Ng6 20.g3 h6 21.Ra6 c5 22.Rea1 c4 23.R6xa7 
Rxa7 24.Rxa7 Kh7 25.h4 Re8 26.f4 Nh8 27.f5 Kg8 
28.Kh3 Bd8 29.g4 Rf8 30.Kg3 g5 31.h5 exf5 32.gxf5 
f6 33.e6 1-0

[Event "ACL-A028"]
[Site "www.playchess.de"]
[Date "2001.03.02"]
[Round "7"]
[White "nadavies_uk"]
[Black "MicronHead"]
[WhiteElo "1344"]
[BlackElo "1591"]
[PlyCount "38"]
[Result "0-1"]

1.e4 e5 2.Nf3 Nf6 3.d4 exd4 4.Nxd4 Nxe4 5.Qe2 Qe7 
6.f3 Nc5 7.Qxe7+ Bxe7 8.Nb5 Ne6 9.Bc4 O-O 10.Bxe6 
dxe6 11.Nxc7 Bd7 12.Nxa8 Na6 13.Nb6 axb6 14.Be3 
Nb4 15.Na3 Nd5 16.Nc4 Bb5 17.b3 Bxc4 18.bxc4 Nxe3 
19.Ke2 Bc5 0-1

[Event "ACL-A028"]
[Site "www.playchess.de"]
[Date "2001.03.02"]
[Round "9"]
[White "nadavies_uk"]
[Black "Gruhni"]
[WhiteElo "1344"]
[BlackElo "1500"]
[PlyCount "85"]
[Result "1-0"]

1.e4 e5 2.Nf3 Nc6 3.Bb5 d6 4.O-O Bg4 5.d4 a6 
6.Bxc6+ bxc6 7.dxe5 Bxf3 8.Qxf3 dxe5 9.Rd1 Qf6 
10.Nd2 Bd6 11.Qc3 c5 12.Nb3 Qe7 13.Be3 Nf6 14.f3 
Nd7 15.Na5 O-O 16.Nc6 Qe8 17.b4 cxb4 18.Nxb4 Qe6 
19.Nd5 Rfc8 20.Qc6 Nf6 21.c4 Nxd5 22.Rxd5 Qe8 
23.Qxe8+ Rcxe8 24.c5 Bf8 25.Rd7 Re7 26.Rxe7 Bxe7 
27.Rb1 Rd8 28.Kf2 Re8 29.Rb7 Bd8 30.Rb8 Kf8 31.c6 
Be7 32.Rxe8+ Kxe8 33.f4 exf4 34.Bxf4 Bd6 35.Bxd6 
cxd6 36.Ke3 Kd8 37.Kd4 Kc7 38.Kd5 g6 39.h3 f5 
40.exf5 gxf5 41.g3 a5 42.h4 a4 
43.h5 1-0

[Event "ACL-A028"]
[Site "www.playchess.de"]
[Date "2001.03.02"]
[Round "10"]
[White "Nunogomez"]
[Black "nadavies_uk"]
[WhiteElo "1374"]
[BlackElo "1344"]
[PlyCount "110"]
[Result "0-1"]

1.e4 c6 2.d4 d5 3.Nc3 dxe4 4.Nxe4 f5 5.Nc3 Nf6 
6.Nf3 Nbd7 7.Bd3 Nb6 8.Bf4 h6 9.h4 g6 10.Qe2 Bg7 
11.O-O-O O-O 12.Kb1 a6 13.Qd2 Ng4 14.Rde1 e6 
15.Rhf1 Bxd4 16.Nxd4 Qxd4 17.f3 e5 18.Bxh6 Nxh6 
19.Qxh6 Rf6 20.g4 Nc4 21.Bxc4+ Qxc4 22.Rf2 Qf4 
23.Qxf4 exf4 24.g5 Re6 25.Ne2 Re8 26.Rd1 Be6 
27.Nxf4 Rad8 28.Rh1 Bf7 29.c4 Rd4 30.Nxg6 Bxg6 
31.Rfh2 f4+ 32.Ka1 Bh5 33.c5 Bxf3 34.Rc1 Rc4 
35.Rb1 Rxc5 36.Rf1 Re2 37.Rxe2 Bxe2 38.Re1 f3 
39.Rh1 a5 40.a4 f2 41.b3 f1Q+ 42.Rxf1 Bxf1 43.Kb2 
Kg7 44.Ka3 Kg6 45.Kb2 Re5 46.Kc2 Re4 47.Kc1 Rxh4 
48.Kb2 Kxg5 49.Ka2 Rh2+ 50.Kb1 Bd3+ 51.Kc1 Kf4 
52.b4 axb4 53.Kd1 b3 54.a5 b2 55.a6 
b1R+ 0-1

[Event "HCL-A018"]
[Site "www.playchess.de"]
[Date "2001.03.02"]
[Round "2"]
[White "teenspirit"]
[Black "Nimzo"]
[WhiteElo "1700"]
[BlackElo "1700"]
[PlyCount "79"]
[Result "1-0"]

1.d4 d5 2.Nf3 e6 3.c4 c6 4.Nc3 Nf6 5.e3 Bb4 6.Qc2 
Qa5 7.Bd2 Bxc3 8.Bxc3 Qc7 9.Bd3 Nbd7 10.O-O O-O 
11.b3 Re8 12.Rfe1 e5 13.dxe5 Nxe5 14.Nxe5 Rxe5 
15.Bxe5 Qxe5 16.Rad1 Ng4 17.f4 Qe6 18.e4 d4 19.e5 
Qh6 20.g3 Ne3 21.Rxe3 dxe3 22.Bxh7+ Kf8 23.Bf5 
Bxf5 24.Qxf5 g6 25.Qe4 Qh5 26.Re1 Rd8 27.Qxe3 Rd1 
28.Kg2 b6 29.Qe2 Qxe2+ 30.Rxe2 c5 31.Kf2 Ke7 
32.Ke3 Ke6 33.Rd2 Rxd2 34.Kxd2 Kf5 35.Ke3 a6 
36.Kf3 g5 37.g4+ Kg6 38.f5+ Kg7 39.Ke4 f6 
40.e6 1-0

[Event "HCL-A018"]
[Site "www.playchess.de"]
[Date "2001.03.02"]
[Round "4"]
[White "Nimzo"]
[Black "epiktet"]
[WhiteElo "1700"]
[BlackElo "1600"]
[PlyCount "48"]
[Result "1/2-1/2"]

1.d4 Nf6 2.c4 g6 3.Nc3 Bg7 4.e3 O-O 5.Nf3 d5 6.Bd3 
Nc6 7.O-O Ne8 8.c5 e5 9.Bb5 exd4 10.exd4 Qf6 
11.Bxc6 Qxc6 12.Be3 b6 13.Qd2 Nf6 14.cxb6 axb6 
15.Bh6 Ne4 16.Qf4 Nxc3 17.bxc3 f6 18.Bxg7 Kxg7 
19.h3 Ba6 20.Rfe1 Rae8 21.Qd2 Rxe1+ 22.Rxe1 Re8 
23.Rxe8 Qxe8 24.Qf4 Qe7 1/2-1/2

[Event "HCL-A018"]
[Site "www.playchess.de"]
[Date "2001.03.02"]
[Round "6"]
[White "teenspirit"]
[Black "epiktet"]
[WhiteElo "1700"]
[BlackElo "1600"]
[PlyCount "25"]
[Result "1-0"]

1.d4 Nf6 2.Nf3 g6 3.Bf4 Bg7 4.Nbd2 d5 5.e3 O-O 
6.Bd3 Nbd7 7.Qe2 b6 8.h3 c5 9.c3 c4 10.Bc2 Re8 
11.Ne5 Nh5 12.Qxh5 gxh5 13.Nc6 1-0

[Event "HCL-A018"]
[Site "www.playchess.de"]
[Date "2001.03.02"]
[Round "7"]
[White "jebster"]
[Black "Nimzo"]
[WhiteElo "1700"]
[BlackElo "1700"]
[PlyCount "47"]
[Result "1-0"]

1.e4 c6 2.d4 d5 3.Nc3 dxe4 4.Nxe4 Bf5 5.Ng3 Bg6 
6.Bc4 e6 7.h4 h6 8.Nf3 Qc7 9.Qe2 Nd7 10.a3 Bd6 
11.Ne4 Bxe4 12.Qxe4 Ngf6 13.Qe2 Nd5 14.g3 N7f6 
15.b4 b5 16.Bb3 a5 17.bxa5 Qxa5+ 18.Kf1 Nc3 19.Qe1 
Nce4 20.Qxa5 Rxa5 21.Kg2 Ng4 22.Rf1 c5 23.c4 Nc3 
24.Bd2 1-0

[Event "HCL-A018"]
[Site "www.playchess.de"]
[Date "2001.03.02"]
[Round "11"]
[White "Nimzo"]
[Black "archeo"]
[WhiteElo "1700"]
[BlackElo "1700"]
[PlyCount "32"]
[Result "0-1"]

1.d4 Nf6 2.c4 g6 3.Nc3 d5 4.e3 Bg7 5.Nf3 O-O 6.Bd3 
c5 7.dxc5 dxc4 8.Bxc4 Qxd1+ 9.Kxd1 Nc6 10.h3 Nd7 
11.Na4 Nde5 12.Nxe5 Nxe5 13.Bb3 Rd8+ 14.Ke2 Bd7 
15.Bd2 Bb5+ 16.Ke1 Nd3+ 0-1

[Event "HCL-A018"]
[Site "www.playchess.de"]
[Date "2001.03.02"]
[Round "13"]
[White "teenspirit"]
[Black "archeo"]
[WhiteElo "1700"]
[BlackElo "1700"]
[PlyCount "52"]
[Result "0-1"]

1.d4 Nf6 2.Nf3 g6 3.Bf4 c5 4.c3 b6 5.Nbd2 Bb7 6.e3 
Bg7 7.Bd3 O-O 8.Qe2 d6 9.h3 Nc6 10.O-O-O Nd5 11.h4 
Nxf4 12.exf4 cxd4 13.cxd4 Nxd4 14.Nxd4 Bxd4 15.Nf3 
Bg7 16.h5 Rc8+ 17.Kb1 Qd7 18.Ng5 Rc5 19.hxg6 hxg6 
20.f5 Rfc8 21.fxg6 Rxg5 22.gxf7+ Kxf7 23.Rh5 Qg4 
24.Rxg5 Qxg5 25.Bc4+ Ke8 26.Qe6 
Qe5 0-1

[Event "HCL-A018"]
[Site "www.playchess.de"]
[Date "2001.03.02"]
[Round "14"]
[White "archeo"]
[Black "epiktet"]
[WhiteElo "1700"]
[BlackElo "1600"]
[PlyCount "33"]
[Result "1-0"]

1.e4 e6 2.d4 d5 3.Nd2 c5 4.Ngf3 Nc6 5.dxc5 Bxc5 
6.Bd3 Nge7 7.c3 O-O 8.O-O e5 9.Re1 Bg4 10.exd5 
Nxd5 11.Qc2 f5 12.Nxe5 Nxe5 13.Rxe5 Bd6 14.Rxd5 
Bxh2+ 15.Kxh2 Qh4+ 16.Kg1 Rae8 
17.Nf1 1-0

[Event "HCL-A018"]
[Site "www.playchess.de"]
[Date "2001.03.02"]
[Round "15"]
[White "jebster"]
[Black "archeo"]
[WhiteElo "1700"]
[BlackElo "1700"]
[PlyCount "60"]
[Result "0-1"]

1.d4 Nf6 2.e3 b6 3.Bd3 Bb7 4.Nf3 g6 5.Nbd2 Bg7 
6.O-O O-O 7.e4 d6 8.Re1 Nbd7 9.c3 e5 10.Nf1 Re8 
11.Ng3 d5 12.Bg5 h6 13.Bd2 dxe4 14.Nxe4 exd4 
15.Nxf6+ Nxf6 16.cxd4 c5 17.Rxe8+ Nxe8 18.Qb3 Bxf3 
19.gxf3 Qxd4 20.Be4 Rd8 21.Bc3 Qd6 22.Bxg7 Kxg7 
23.Rb1 Nf6 24.Qe3 Qd2 25.Qc3 Qxc3 26.bxc3 Nxe4 
27.fxe4 Rd2 28.a3 Re2 29.Rd1 Rxe4 30.Rd7 
Ra4 0-1

[Event "HCL-A018"]
[Site "www.playchess.de"]
[Date "2001.03.02"]
[Round "16"]
[White "maxcoco"]
[Black "Nimzo"]
[WhiteElo "1531"]
[BlackElo "1700"]
[PlyCount "34"]
[Result "0-1"]

1.e4 c6 2.d4 d5 3.exd5 cxd5 4.Nf3 Bg4 5.Nc3 e6 
6.Be2 Bxf3 7.Bxf3 Bb4 8.Qd3 Qa5 9.Bd2 Bxc3 10.Bxc3 
Qc7 11.O-O Nf6 12.a4 O-O 13.Bb4 Rc8 14.Rac1 Nc6 
15.Bd2 Qb6 16.Qb5 Qxb5 17.axb5 
Nxd4 0-1

[Event "HCL-A018"]
[Site "www.playchess.de"]
[Date "2001.03.02"]
[Round "18"]
[White "maxcoco"]
[Black "teenspirit"]
[WhiteElo "1531"]
[BlackElo "1700"]
[PlyCount "30"]
[Result "0-1"]

1.e4 Nc6 2.d4 d5 3.e5 Bf5 4.Nf3 e6 5.Bd3 Nge7 
6.Nc3 Bxd3 7.Qxd3 Nf5 8.O-O Be7 9.a3 O-O 10.Kh1 
Nb8 11.g4 Nh4 12.Rg1 Nxf3 13.Qxf3 c5 14.dxc5 Nc6 
15.Qe3 d4 0-1

[Event "HCL-A018"]
[Site "www.playchess.de"]
[Date "2001.03.02"]
[Round "19"]
[White "epiktet"]
[Black "maxcoco"]
[WhiteElo "1600"]
[BlackElo "1531"]
[PlyCount "24"]
[Result "0-1"]

1.e4 e5 2.f4 exf4 3.Nf3 Be7 4.Bc4 Bh4+ 5.Kf1 Nh6 
6.d4 Ng4 7.Qe2 O-O 8.Bxf4 d6 9.h3 Qf6 10.hxg4 Qxf4 
11.Rxh4 g5 12.d5 gxh4 0-1

[Event "HCL-A018"]
[Site "www.playchess.de"]
[Date "2001.03.02"]
[Round "20"]
[White "maxcoco"]
[Black "jebster"]
[WhiteElo "1531"]
[BlackElo "1700"]
[PlyCount "28"]
[Result "0-1"]

1.e4 c5 2.Nf3 Nc6 3.c3 b6 4.d4 e6 5.Bf4 d6 6.Bb5 
Bd7 7.dxc5 dxc5 8.O-O Nf6 9.Bxc6 Bxc6 10.Qxd8+ 
Rxd8 11.e5 Nd5 12.Bg3 Be7 13.Nbd2 O-O 14.Ne4 
h6 0-1

[Event "HCL-A018"]
[Site "www.playchess.de"]
[Date "2001.03.02"]
[Round "21"]
[White "archeo"]
[Black "maxcoco"]
[WhiteElo "1700"]
[BlackElo "1531"]
[PlyCount "23"]
[Result "1-0"]

1.e4 e5 2.Nf3 Nc6 3.Bb5 Bc5 4.c3 Nf6 5.d4 exd4 
6.e5 Nd5 7.O-O a6 8.Bc4 Nde7 9.cxd4 Ba7 10.Ng5 O-O 
11.Qh5 h6 12.Nxf7 1-0

[Event "HCL-M004"]
[Site "www.playchess.de"]
[Date "2001.03.02"]
[Round "5"]
[White "Kasparov"]
[Black "Ricco"]
[WhiteElo "2200"]
[BlackElo "2200"]
[PlyCount "69"]
[Result "0-1"]

1.d4 Nf6 2.c4 g6 3.Nc3 Bg7 4.e4 d6 5.Be2 O-O 6.Nf3 
e5 7.O-O Nc6 8.d5 Ne7 9.Ne1 Nd7 10.Nd3 f5 11.f3 b6 
12.a4 Bb7 13.b4 a5 14.bxa5 Rxa5 15.Bd2 Kh8 16.Nb5 
Ra8 17.a5 Nc8 18.Qb3 fxe4 19.fxe4 Rxf1+ 20.Bxf1 c5 
21.dxc6 e.p 22.Bxc6 a6 23.Bxe4 Nb4 24.Na7 Qe3 
25.Nxb5 cxb5 26.Nc5 Qg5 27.Qd7 Ra3 28.Rf8 Be2 
29.Ne6 Qh4 30.Ba8 Rh3 31.h5 Nc2 32.e4 Qg3 33.Kh7 
Qe1 34.d5 Bg4 35.d4 0-1

[Event "ACL-A009"]
[Site "www.playchess.de"]
[Date "2001.03.02"]
[Round "1"]
[White "JensAnd"]
[Black "Llewellyn_Adamson"]
[WhiteElo "1500"]
[BlackElo "1500"]
[PlyCount "56"]
[Result "0-1"]

1.g3 f5 2.Nf3 Nf6 3.Bg2 g6 4.b3 Bg7 5.Bb2 O-O 
6.O-O d6 7.Nc3 e5 8.d3 Nbd7 9.e3 d5 10.Ne2 Qe7 
11.c4 dxc4 12.bxc4 e4 13.Nfd4 Ne5 14.dxe4 fxe4 
15.Qb3 c5 16.Nb5 Bg4 17.Bxe5 Qxe5 18.Rae1 Rfd8 
19.Qc2 Bf3 20.Red1 Bxg2 21.Kxg2 a6 22.Nbc3 Rab8 
23.Nf4 Rdf8 24.h3 Rf7 25.Rd2 Re8 26.Rb1 Qf5 27.Kh2 
g5 28.Ng2 Nd7 0-1

[Event "ACL-A009"]
[Site "www.playchess.de"]
[Date "2001.03.02"]
[Round "2"]
[White "Gearloose"]
[Black "JensAnd"]
[WhiteElo "1500"]
[BlackElo "1500"]
[PlyCount "77"]
[Result "1-0"]

1.e4 c5 2.a3 e6 3.b4 cxb4 4.axb4 Bxb4 5.c3 Ba5 
6.d4 Ne7 7.Ba3 d5 8.e5 Nbc6 9.Bd3 Nxd4 10.Bxe7 
Kxe7 11.Qg4 Qc7 12.Qxd4 h6 13.Ne2 Rd8 14.O-O Bd7 
15.Qf4 Kf8 16.Nd4 Kg8 17.Qg3 Rdc8 18.Rc1 Bb6 
19.Ne2 Qb8 20.Nd2 Bc7 21.Nf3 f6 22.Qg6 Bxe5 
23.Qh7+ Kf8 24.Nxe5 Qxe5 25.Nd4 f5 26.Rce1 Qf6 
27.Bb5 Bxb5 28.Nxb5 Ke7 29.Nd4 e5 30.Nxf5+ Kf7 
31.Ne3 Qe6 32.Qd3 Rc5 33.Red1 a6 34.Nxd5 Kg8 35.c4 
Rf8 36.Rab1 Rf7 37.h3 Rc8 38.Rb6 Rc6 
39.Rdb1 1-0

[Event "ACL-A009"]
[Site "www.playchess.de"]
[Date "2001.03.02"]
[Round "7"]
[White "mhansen"]
[Black "JensAnd"]
[WhiteElo "2000"]
[BlackElo "1500"]
[PlyCount "87"]
[Result "1-0"]

1.e4 e5 2.Nf3 Nc6 3.Bb5 a6 4.Bxc6 dxc6 5.Nc3 f6 
6.Qe2 Ne7 7.O-O Ng6 8.d3 Bc5 9.Na4 Ba7 10.Be3 Bxe3 
11.Qxe3 Bg4 12.Nc5 b6 13.Na4 O-O 14.h3 Be6 15.Nc3 
c5 16.a3 Qd7 17.Ne2 Rfd8 18.Rfd1 Bxh3 19.gxh3 Qxh3 
20.c3 Qg4+ 21.Kf1 Rd6 22.b4 Qh3+ 23.Kg1 Rad8 
24.bxc5 bxc5 25.Ne1 Qxe3 26.fxe3 c4 27.d4 Re8 
28.Nf3 Rb6 29.Nd2 Rb2 30.Kf2 Rc2 31.d5 Nf8 32.Rab1 
Ra2 33.Rb7 Rc8 34.Nxc4 Nd7 35.d6 cxd6 36.Rxd7 Rxc4 
37.Rb1 h5 38.Rbb7 Kh8 39.Rdxg7 Rc8 40.Rgh7+ Kg8 
41.Kf3 h4 42.Rxh4 f5 43.exf5 Rf8 
44.Ng3 1-0

[Event "ACL-A009"]
[Site "www.playchess.de"]
[Date "2001.03.02"]
[Round "8"]
[White "Llewellyn_Adamson"]
[Black "mhansen"]
[WhiteElo "1500"]
[BlackElo "2000"]
[PlyCount "56"]
[Result "1/2-1/2"]

1.d4 Nf6 2.c4 e6 3.Nf3 d5 4.Nc3 Be7 5.Bg5 h6 6.Bh4 
O-O 7.e3 Nbd7 8.Rc1 b6 9.cxd5 exd5 10.Bb5 Bb7 
11.O-O a6 12.Ba4 Re8 13.Qd3 c5 14.dxc5 Nxc5 15.Qd4 
Ne6 16.Qd1 b5 17.Bb3 Rc8 18.Bxf6 Bxf6 19.Bxd5 Bxd5 
20.Nxd5 Bxb2 21.Rxc8 Qxc8 22.Qb3 Qc5 23.Rd1 Qa3 
24.Kf1 Nc5 25.Qc2 g6 26.Nd4 Bxd4 27.Rxd4 Kg7 
28.Qb1 Rc8 1/2-1/2